Rozpoznaj polskie miasta po atrakcjach. - Statystyki

Ogólne statystyki
  • Ten quiz został rozwiązany 1 239 razy
  • Średni wynik to 5 z 9
Statystyki odpowiedzi
Atrakcja Miejscowość % Poprawnych
Kolumna Zygmunta Warszawa
96%
Dom Mikołaja Kopernika Toruń
91%
Panorama Racławicka Wrocław
90%
Stocznia im.Włodzimierza Lenina Gdańsk
85%
Zamek Zakonu Krzyżackiego Malbork
85%
Kaplica Czaszek Kudowa Zdrój
20%
Muzeum Zabawek Karpacz
15%
Góra Chełmska Koszalin
11%
Statuła Ziemniaka Biesiekierz
7%
Nie znaleziono quizów pasujących do podanych kryteriów
Rozkład punktacji
Procent ludzi z każdym wynikiem
Percentyl według liczby udzielonych odpowiedzi
Twoja historia wyników
Nie rozwiązałeś tego quizu